Estadísticas para Prueba de Somalia

Haz click aquí para intentar la prueba.

Estadísticas generales

  • Esta prueba ha sido intentada 446 veces
  • La puntuación promedio es 11 de 15

Estadísticas de respuestas

PreguntaRespuesta% Correcto
¿Con qué tres países limita Somalia?Etiopía
96%
¿Con qué tres países limita Somalia?Kenia
94%
¿Qué país europeo colonizó las tres cuartas partes del sur de Somalia?Italia
93%
¿Con qué tres países limita Somalia?Yibuti
93%
¿En qué península importante se encuentra Somalia?{Cuerno} de Africa
92%
¿Cuál es la capital de Somalia?Mogadiscio
85%
¿Qué animal del desierto se cree que fue domesticado
en la región de Somalia en algún momento alrededor del 3000 A.C.?
Camello
83%
¿Cuáles son los dos idiomas oficiales de Somalia?Árabe
78%
Al número entero más cercano, ¿qué porcentaje de somalíes NO son musulmanes?0%
77%
¿Cuáles son los dos idiomas oficiales de Somalia?Somalí
74%
¿Por qué crimen se hizo famosa Somalia en el siglo XXI?Piratería
59%
¿Qué golfo oceánico se encuentra entre Somalia y el Yemen?Golfo de {Aden}
57%
¿Cuál es la moneda de Somalia? pista: una antigua moneda británicaChelín
51%
¿Qué supermodelo nacida en Somalia se casó con David Bowie en 1992?Iman
37%
¿Qué antiguo reino alrededor del norte de Somalia era un socio comercial esencial del antiguo Egipto?Punt
21%

Distribución de puntuación

Porcentaje por número respondido

Porcentaje de gente con cada puntuación

Historial de tus puntuaciones

No has intentado esta prueba.